<?xml version="1.0" encoding="UTF-8"?>
<marc:record xmlns:marc="http://www.loc.gov/MARC21/slim">
   <marc:leader>00000nam a2200000 a 4500</marc:leader>
   <marc:datafield ind1="1" ind2=" " tag="100">
      <marc:subfield code="a">Riordan, Rick</marc:subfield>
      <marc:subfield code="4">aut</marc:subfield>
      <marc:subfield code="e">Verfasser/-in</marc:subfield>
   </marc:datafield>
   <marc:datafield ind1=" " ind2=" " tag="653">
      <marc:subfield code="a">Fantasy</marc:subfield>
   </marc:datafield>
   <marc:datafield ind1=" " ind2=" " tag="653">
      <marc:subfield code="a">Percy Jackson</marc:subfield>
   </marc:datafield>
   <marc:datafield ind1=" " ind2=" " tag="653">
      <marc:subfield code="a">Götter</marc:subfield>
   </marc:datafield>
   <marc:datafield ind1="0" ind2="0" tag="245">
      <marc:subfield code="a">Die Abenteuer des Apollo</marc:subfield>
   </marc:datafield>
   <marc:datafield ind1="0" ind2="0" tag="245">
      <marc:subfield code="b">; Der Turm des Nero [Band 5]</marc:subfield>
   </marc:datafield>
   <marc:datafield ind1=" " ind2="1" tag="264">
      <marc:subfield code="b">Carlsen Verlag GmbH</marc:subfield>
      <marc:subfield code="c">2021</marc:subfield>
   </marc:datafield>
   <marc:datafield ind1="1" ind2=" " tag="490">
      <marc:subfield code="a">Die Abenteuer des Apollo</marc:subfield>
   </marc:datafield>
   <marc:datafield ind1="1" ind2=" " tag="520">
      <marc:subfield code="a">Camp Jupiter ist gerettet, die grausamen Herrscher Caligula und Commodus sind zurückgeschlagen und eine ganze Zombiearmee ist besiegt. Doch Lester (zu anderen Zeiten auch bekannt als der Gott Apollo) und seine Freundin Meg haben noch eine große Aufgabe vor sich: Sie müssen das mächtige Orakel von Delphi aus den Fängen des magischen Python befreien. Zum Glück hilft ihnen eine geheimnisvolle Weissagung. Die Hinweise führen sie nach New York zum Turm des Nero. Hier müssen sie sich dem verrückten Gottkaiser stellen à *** Der letzte krachende Band aus Rick Riordans Welt der griechischen und römischen Mythologie - auf keinen Fall verpassen! Alle  Bände der Serie »Die Abenteuer des Apollo«: Die Abenteuer des Apollo - Das verborgene Orakel (Band 1) Die Abenteuer des Apollo - Die dunkle Prophezeiung (Band 2) Die Abenteuer des Apollo - Das brennende Labyrinth (Band 3) Die Abenteuer des Apollo - Die Gruft des Tyrannen (Band 4) Die Abenteuer des Apollo - Der Turm des Nero (Band 5)</marc:subfield>
   </marc:datafield>
   <marc:datafield ind1=" " ind2=" " tag="020">
      <marc:subfield code="a">9783551556929</marc:subfield>
      <marc:subfield code="9">9783551556929</marc:subfield>
   </marc:datafield>
</marc:record>
